[Event "Aeroflot Open"]
[Site "Moscow RUS"]
[Date "2009.02.17"]
[Round "1"]
[White "Robson,R"]
[Black "Vaganian,R"]
[Result "0-1"]
[WhiteElo "2455"]
[BlackElo "2596"]
[EventDate "2009.02.17"]
[ECO "C12"]

1. e4 e6 2. d4 d5 3. Nc3 Nf6 4. Bg5 Bb4 5. exd5 Qxd5 6. Bxf6 Bxc3+ 7. bxc3
gxf6 8. Qg4 Qa5 9. Ne2 Ke7 10. g3 Nc6 11. Bg2 e5 12. Qf3 Nxd4 13. Nxd4 exd4
14. O-O Qxc3 15. Rfe1+ Be6 16. Qxc3 dxc3 17. Bxb7 Rab8 18. Bd5 Rb5 19. Bxe6
fxe6 20. Re3 Rc5 21. Rb1 Rd8 22. Rb3 Rd2 23. Rbxc3 Rxc2 24. Rxc2 Rxc2 25.
Ra3 Kd6 26. Rxa7 c5 27. Kg2 c4 28. Kf3 c3 29. Ke3 Rxf2 30. Ra6+ Kd7 31.
Ra7+ Kc6 32. Ra3 Rc2 33. Kd4 e5+ 34. Kc4 Kd6 35. h4 Ke6 36. Rxc3 Rxa2 37.
Rf3 Ra4+ 38. Kb3 Rg4 39. Kc3 e4 40. Re3 Ke5 41. Kd2 Rg7 42. Ra3 Kf5 43. Ke2
Kg4 44. Ra6 f5 45. Kf2 Rb7 46. Rh6 Rb2+ 47. Ke3 Rb3+ 48. Kf2 e3+ 49. Ke2
Kxg3 50. Rxh7 Kf4 51. Rf7 Rb2+ 52. Kf1 Ke4 53. h5 f4 54. h6 Kf3 55. Kg1 e2
56. Re7 Rb1+ 0-1

[Event "Aeroflot Open"]
[Site "Moscow RUS"]
[Date "2009.02.18"]
[Round "2"]
[White "Landa,K"]
[Black "Naiditsch,A"]
[Result "1/2-1/2"]
[WhiteElo "2626"]
[BlackElo "2693"]
[EventDate "2009.02.17"]
[ECO "A15"]

1. Nf3 Nf6 2. c4 c5 3. g3 d5 4. cxd5 Nxd5 5. Bg2 Nc6 6. d4 cxd4 7. Nxd4
Ndb4 8. Nxc6 Qxd1+ 9. Kxd1 Nxc6 10. Be3 g6 11. Bxc6+ bxc6 12. Bd4 f6 13.
Bc5 Bf5 14. f3 O-O-O+ 15. Ke1 Kb7 16. Nc3 e5 17. Bxf8 Rhxf8 18. Rd1 Rd4 19.
Kf2 Bc2 20. Rc1 Rd2 21. g4 Rfd8 22. h4 R8d4 23. h5 g5 24. Ke3 f5 25. gxf5
Bxf5 26. Rhd1 Rxd1 27. Rxd1 Rh4 28. Rd8 Rxh5 29. Re8 g4 30. Rxe5 gxf3
1/2-1/2

[Event "Aeroflot Open"]
[Site "Moscow RUS"]
[Date "2009.02.18"]
[Round "2"]
[White "Lysyj,I"]
[Black "Vitiugov,N"]
[Result "1/2-1/2"]
[WhiteElo "2620"]
[BlackElo "2687"]
[EventDate "2009.02.17"]
[ECO "D12"]

1. d4 d5 2. c4 c6 3. Nf3 Nf6 4. e3 Bf5 5. Nc3 e6 6. Nh4 Bg6 7. Be2 Nbd7 8.
g3 Bd6 9. O-O Qe7 10. Qb3 Rb8 11. Nxg6 hxg6 12. Kg2 O-O 13. Rd1 a6 14. Qc2
1/2-1/2

[Event "Aeroflot Open"]
[Site "Moscow RUS"]
[Date "2009.02.18"]
[Round "2"]
[White "Zhou Jianchao"]
[Black "Moiseenko,A1"]
[Result "1/2-1/2"]
[WhiteElo "2612"]
[BlackElo "2676"]
[EventDate "2009.02.17"]
[ECO "A04"]

1. Nf3 c5 2. c4 Nc6 3. d4 cxd4 4. Nxd4 Nf6 5. g3 e6 6. Bg2 Qb6 7. Nb5 d5 8.
N1c3 d4 9. Na4 Qa5+ 10. Bd2 Bb4 11. Bxb4 Qxb4+ 12. Qd2 Qxd2+ 13. Kxd2 Ke7
14. f4 Rd8 15. Nc7 Rb8 16. Na6 Ra8 17. Nc7 1/2-1/2

[Event "Aeroflot Open"]
[Site "Moscow RUS"]
[Date "2009.02.18"]
[Round "2"]
[White "Onischuk,Al"]
[Black "Kurnosov,I"]
[Result "0-1"]
[WhiteElo "2659"]
[BlackElo "2602"]
[EventDate "2009.02.17"]
[ECO "D85"]

1. d4 Nf6 2. c4 g6 3. Nc3 d5 4. Nf3 Bg7 5. cxd5 Nxd5 6. e4 Nxc3 7. bxc3 c5
8. Rb1 O-O 9. Be2 b6 10. O-O Bb7 11. d5 Bxc3 12. Bc4 Bg7 13. Bb2 Ba6 14.
Qe2 Qc8 15. Bxg7 Kxg7 16. e5 e6 17. Rbd1 exd5 18. Rxd5 Bxc4 19. Qxc4 Nc6
20. Rd6 Rd8 21. Rfd1 Qf5 22. Qa4 Nxe5 23. Rxd8 Nxf3+ 24. Kh1 Rxd8 25. Rxd8
Nd4 26. h3 Qb1+ 27. Kh2 b5 0-1

[Event "Aeroflot Open"]
[Site "Moscow RUS"]
[Date "2009.02.18"]
[Round "2"]
[White "Zvjaginsev,V"]
[Black "Ehlvest,J"]
[Result "1/2-1/2"]
[WhiteElo "2636"]
[BlackElo "2595"]
[EventDate "2009.02.17"]
[ECO "B06"]

1. e4 g6 2. Nc3 d6 3. f4 Bg7 4. Nf3 c5 5. g3 Nc6 6. Bg2 e6 7. O-O Nge7 8.
d3 O-O 9. Rb1 Rb8 10. Be3 Nd4 11. Ne2 Nxf3+ 12. Bxf3 b6 13. c3 1/2-1/2

[Event "Aeroflot Open"]
[Site "Moscow RUS"]
[Date "2009.02.18"]
[Round "2"]
[White "Ponkratov,P"]
[Black "So,W"]
[Result "1-0"]
[WhiteElo "2558"]
[BlackElo "2627"]
[EventDate "2009.02.17"]
[ECO "B33"]

1. e4 c5 2. Nf3 Nc6 3. d4 cxd4 4. Nxd4 Nf6 5. Nc3 e5 6. Ndb5 d6 7. Bg5 a6
8. Na3 b5 9. Nd5 Be7 10. Bxf6 Bxf6 11. c4 b4 12. Nc2 O-O 13. Qf3 Bg5 14. h4
Bh6 15. g4 Bf4 16. Nxf4 exf4 17. Qxf4 Ne5 18. Be2 Bxg4 19. Ne3 Be6 20. h5
f6 21. Rg1 Qe7 22. Qh4 Rae8 23. f4 Nc6 24. O-O-O b3 25. axb3 Rb8 26. Rg3
Rxb3 27. Rdg1 Kh8 28. Rxg7 Qxg7 29. Rxg7 Kxg7 30. Qg3+ Kh8 31. f5 Rg8 32.
Qh4 Rg5 33. fxe6 1-0

[Event "Aeroflot Open"]
[Site "Moscow RUS"]
[Date "2009.02.18"]
[Round "2"]
[White "Volkov,Sergey1"]
[Black "Smirnov,P"]
[Result "0-1"]
[WhiteElo "2627"]
[BlackElo "2579"]
[EventDate "2009.02.17"]
[ECO "D11"]

1. d4 d5 2. c4 c6 3. Nf3 Nf6 4. e3 Bg4 5. h3 Bxf3 6. Qxf3 e6 7. Nc3 Nbd7 8.
Bd2 Bb4 9. Rc1 O-O 10. a3 Bxc3 11. Bxc3 Ne4 12. Bd3 f5 13. O-O Rf6 14. Rfd1
Rg6 15. Qf4 Ndf6 16. Be2 dxc4 17. Bxc4 Nd5 18. Bxd5 exd5 19. f3 Ng3 20. Rc2
Qd7 21. Be1 Nh5 22. Qh4 Qf7 23. Rf2 f4 24. e4 Rg3 25. exd5 cxd5 26. Re2 g5
27. Qxh5 Qxh5 28. Re5 Qxf3 29. Rd2 Rc8 30. Rde2 Qh5 0-1

[Event "Aeroflot Open"]
[Site "Moscow RUS"]
[Date "2009.02.18"]
[Round "2"]
[White "Bacrot,E"]
[Black "Shomoev,A"]
[Result "1-0"]
[WhiteElo "2722"]
[BlackElo "2567"]
[EventDate "2009.02.17"]
[ECO "E92"]

1. Nf3 Nf6 2. c4 g6 3. Nc3 Bg7 4. e4 d6 5. d4 O-O 6. Be2 e5 7. Be3 Ng4 8.
Bg5 f6 9. Bh4 g5 10. Bg3 Nh6 11. d5 Nd7 12. O-O f5 13. exf5 Nxf5 14. Nd2 h6
15. Nde4 Nd4 16. Bg4 b6 17. f3 Nc5 18. Bxc8 Qxc8 19. Bf2 Qd7 20. Ng3 a5 21.
Nce2 Nf5 22. Nxf5 Qxf5 23. Ng3 Qg6 24. Qe2 Nd3 25. Rad1 e4 26. fxe4 Nxb2
27. Rde1 Na4 28. Nf5 Rae8 29. Qc2 Nc5 30. Bxc5 bxc5 31. e5 Kh7 32. e6 g4
33. Rb1 Rb8 34. Rb3 Be5 35. g3 Rb4 36. Rxb4 axb4 37. Kg2 Ra8 38. Rf2 h5 39.
Qe2 Bf6 40. Rf1 Rb8 41. Nh4 Bxh4 42. Rf7+ Kg8 43. gxh4 Ra8 44. Rf1 Re8 45.
e7 Ra8 46. Rf2 Re8 47. Qe3 Ra8 48. Qf4 Kh7 49. Qe3 Kg8 50. Kg3 Re8 51. Rf1
Kg7 52. Re1 Kh7 53. Qg5 Qf7 54. Kg2 Qg6 55. Re6 Qc2+ 56. Kg3 Qd3+ 57. Re3
Qg6 58. h3 gxh3 59. Re6 Qd3+ 60. Kh2 Qc2+ 61. Kxh3 Qd3+ 62. Kg2 Qc2+ 63.
Kg3 Qd3+ 64. Re3 Qd1 65. Qf5+ Kg7 66. Qg5+ Kh7 67. Kh2 Qc2+ 68. Kh3 Qg6 69.
Qf4 Ra8 70. Rg3 Ra3 71. Rxa3 bxa3 72. Qf3 Kg8 73. Qe2 Qf5+ 74. Kh2 1-0

[Event "Aeroflot Open"]
[Site "Moscow RUS"]
[Date "2009.02.18"]
[Round "2"]
[White "Sargissian,G"]
[Black "Zhigalko,S"]
[Result "1/2-1/2"]
[WhiteElo "2678"]
[BlackElo "2587"]
[EventDate "2009.02.17"]
[ECO "D31"]

1. d4 d5 2. c4 e6 3. Nc3 c6 4. e3 Bd6 5. Bd3 f5 6. Nge2 Nf6 7. f3 O-O 8.
Qc2 Kh8 9. Bd2 Qe7 10. O-O dxc4 11. Bxc4 Nbd7 12. Ng3 b5 13. Bd3 b4 14. Na4
c5 15. dxc5 Nxc5 16. Nxc5 Bxc5 17. Rac1 Bb6 18. Kh1 Bb7 19. e4 Rac8 20. Qb3
fxe4 21. Rxc8 1/2-1/2

[Event "Aeroflot Open"]
[Site "Moscow RUS"]
[Date "2009.02.18"]
[Round "2"]
[White "Milov,V"]
[Black "Romanov,E"]
[Result "0-1"]
[WhiteElo "2669"]
[BlackElo "2576"]
[EventDate "2009.02.17"]
[ECO "A22"]

1. c4 e5 2. Nc3 Nf6 3. d3 Nc6 4. a3 g6 5. g3 Bg7 6. Bg2 d6 7. e3 Be6 8. Nd5
O-O 9. Ne2 Qd7 10. Nec3 Ne8 11. h4 Nd8 12. h5 c6 13. e4 b5 14. Ne3 bxc4 15.
dxc4 f5 16. hxg6 hxg6 17. exf5 gxf5 18. Qc2 Nf6 19. Bh3 d5 20. Nxf5 e4 21.
g4 Bxf5 22. gxf5 d4 23. Na4 e3 24. fxe3 dxe3 25. Qd1 Qc7 26. Qf3 Nf7 27.
Bxe3 Ne5 28. Qe2 Ne4 29. O-O-O Ng3 30. Qg2 Nxh1 31. Nc5 Nxc4 32. f6 Rxf6
33. Rd7 Qg3 34. Bd4 Qxg2 35. Bxg2 Rg6 0-1

[Event "Aeroflot Open"]
[Site "Moscow RUS"]
[Date "2009.02.18"]
[Round "2"]
[White "Amonatov,F"]
[Black "Zhigalko,A"]
[Result "1/2-1/2"]
[WhiteElo "2647"]
[BlackElo "2572"]
[EventDate "2009.02.17"]
[ECO "B01"]

1. e4 d5 2. exd5 Qxd5 3. Nc3 Qd6 4. d4 Nf6 5. Nb5 Qb6 6. c4 c6 7. Nc3 Bg4
8. Be2 Bxe2 9. Ngxe2 e6 10. O-O Be7 11. d5 exd5 12. cxd5 O-O 13. Be3 Qc7
14. Rc1 Rd8 15. Qb3 Na6 16. Nb5 Qd7 17. dxc6 bxc6 18. Rfd1 Nd5 19. Nf4 Rab8
20. Nxd5 cxd5 21. a4 Rb7 22. Bxa7 Nc7 23. Bd4 Nxb5 24. axb5 Qxb5 25. Qg3
Bf8 26. h3 Re8 27. Bc3 Rd7 28. Rd3 g6 29. Re3 Rdd8 30. Rxe8 Rxe8 31. Qf4
Bg7 32. Bxg7 Kxg7 33. Rc7 Re1+ 34. Kh2 Qe8 35. b4 1/2-1/2

[Event "Aeroflot Open"]
[Site "Moscow RUS"]
[Date "2009.02.18"]
[Round "2"]
[White "Grigoriants,S RUS"]
[Black "Bocharov,D"]
[Result "1-0"]
[WhiteElo "2565"]
[BlackElo "2647"]
[EventDate "2009.02.17"]
[ECO "B48"]

1. Nf3 c5 2. e4 Nc6 3. d4 cxd4 4. Nxd4 e6 5. Nc3 Qc7 6. Be3 a6 7. Qd2 Nf6
8. O-O-O Bb4 9. f3 Ne5 10. Nb3 b5 11. Qe1 Rb8 12. Qg3 Nh5 13. Qh3 Nf6 14.
Qg3 Nh5 15. Qf2 Be7 16. g4 Nf6 17. Ba7 Rb7 18. Bd4 d6 19. g5 Nh5 20. Rg1
O-O 21. f4 b4 22. Ne2 Nc4 23. Qh4 g6 24. Ng3 e5 25. Nxh5 gxh5 26. Qxh5 exd4
27. Bd3 Ne3 28. Nxd4 Bg4 29. Rxg4 Nxg4 30. Qxg4 Rfb8 31. Qh5 f5 32. exf5 d5
33. Ne6 Qb6 34. Qf3 Rd7 35. Qh3 Re8 36. f6 Bd6 37. g6 1-0

[Event "Aeroflot Open"]
[Site "Moscow RUS"]
[Date "2009.02.18"]
[Round "2"]
[White "Zherebukh,Y"]
[Black "Bareev,E"]
[Result "1/2-1/2"]
[WhiteElo "2558"]
[BlackElo "2645"]
[EventDate "2009.02.17"]
[ECO "B12"]

1. e4 c6 2. d4 d5 3. f3 dxe4 4. fxe4 e5 5. Nf3 Bg4 6. Bc4 Nd7 7. O-O Ngf6
8. c3 Bd6 9. Bg5 O-O 10. Nbd2 h6 11. Bh4 Qc7 12. h3 Bh5 13. Qc2 Bg6 14. Bd3
b5 15. dxe5 Bxe5 16. Nxe5 Qxe5 17. Nf3 Qf4 18. Rae1 Nc5 19. Bxf6 Qxf6 20.
b4 Nxd3 21. Qxd3 Rfe8 22. Re3 a5 1/2-1/2

[Event "Aeroflot Open"]
[Site "Moscow RUS"]
[Date "2009.02.18"]
[Round "2"]
[White "Mamedov,Rau"]
[Black "Kotsur,P"]
[Result "1/2-1/2"]
[WhiteElo "2638"]
[BlackElo "2563"]
[EventDate "2009.02.17"]
[ECO "C77"]

1. e4 e5 2. Nf3 Nc6 3. Bb5 a6 4. Ba4 Nf6 5. Qe2 b5 6. Bb3 Be7 7. c3 O-O 8.
O-O d6 9. Rd1 Na5 10. Bc2 c5 11. d4 Qc7 12. d5 Bd7 13. Nbd2 Rfb8 14. Nf1
Bf8 15. h3 g6 16. Ne3 Nh5 17. Ng4 Be8 18. b3 Bg7 19. Be3 Qe7 20. Qd2 Nb7
21. Ngh2 Bd7 22. Rac1 Rf8 23. g4 Nf4 24. Bxf4 exf4 25. Bb1 Be5 26. Nxe5
1/2-1/2

[Event "Aeroflot Open"]
[Site "Moscow RUS"]
[Date "2009.02.18"]
[Round "2"]
[White "Sjugirov,S"]
[Black "Riazantsev,A"]
[Result "0-1"]
[WhiteElo "2562"]
[BlackElo "2634"]
[EventDate "2009.02.17"]
[ECO "B12"]

1. e4 c6 2. d4 d5 3. e5 Bf5 4. Nf3 e6 5. Be2 Bg6 6. O-O Nh6 7. c3 Be7 8.
Bxh6 gxh6 9. Qd2 Qb6 10. b3 c5 11. Qxh6 Nc6 12. Qf4 f6 13. exf6 O-O 14. Qe3
Rxf6 15. Nbd2 Bd6 16. g3 cxd4 17. cxd4 Ba3 18. Rad1 Bb2 19. Nb1 Bxb1 20.
Rxb1 Bxd4 21. Nxd4 Qxd4 22. Qg5+ Rg6 23. Qh5 Rf8 24. Rbd1 Qg7 25. Rd2 Nd4
26. Bd1 Nf5 27. Qe2 Kh8 28. Re1 Rgf6 29. Qe5 Ne7 30. Bc2 Ng6 31. Qg5 Qc7
32. Qe3 a6 33. Rde2 Qg7 34. Qg5 Qf7 35. Qd2 Rg8 36. Kh1 Ne7 37. Qd4 Nc6 38.
Qh4 Rg7 39. Rf1 e5 40. Bd1 e4 41. Kg1 Nd4 42. Rd2 Nf5 43. Qh5 Qg8 44. Qe2
Qe6 45. Re1 Qe5 46. Rc2 Rf8 47. Qh5 Qf6 48. Rd2 e3 49. fxe3 Nxe3 50. Qe2 d4
51. Qd3 Rd7 52. b4 Rd5 53. Bc2 Rf5 54. Rdd1 Qg7 55. Rxe3 dxe3 56. Qxe3 Rf3
57. Qe4 R3f7 58. Re1 Qb2 59. Re2 Qc1+ 60. Re1 Rf1+ 61. Kg2 R1f2+ 62. Kg1
Qxc2 0-1

[Event "Aeroflot Open"]
[Site "Moscow RUS"]
[Date "2009.02.18"]
[Round "2"]
[White "Kazhgaleyev,M"]
[Black "Yudin,S"]
[Result "1-0"]
[WhiteElo "2630"]
[BlackElo "2562"]
[EventDate "2009.02.17"]
[ECO "D30"]

1. d4 d5 2. c4 e6 3. Nf3 c6 4. Qc2 dxc4 5. Qxc4 Nf6 6. Nc3 b5 7. Qd3 Bb7 8.
e4 b4 9. Na4 Qa5 10. b3 Nbd7 11. Be3 Be7 12. Nd2 O-O 13. f3 Rfd8 14. Qc2 c5
15. dxc5 Rac8 16. Rc1 Rc6 17. Be2 Rdc8 18. Nc4 Qc7 19. Qd2 Nxc5 20. Bf4 Qd7
21. Qxd7 Nfxd7 22. Rd1 Rd8 23. Na5 Rcc8 24. Nxb7 Nxb7 25. Ba6 Ndc5 26. Nxc5
Rxd1+ 27. Kxd1 Rd8+ 28. Nd3 Nc5 29. Ke2 Nxa6 30. Rc1 f6 31. Be3 Rd7 32.
Rc8+ Kf7 33. Ra8 Bd6 34. h4 Ke7 35. Rxa7 Rxa7 36. Bxa7 Kd7 37. Be3 Kc6 38.
h5 Nc7 39. Bd2 Kb5 40. Nb2 g6 41. Nc4 Bf8 42. g4 e5 43. g5 Be7 44. gxf6
Bxf6 45. hxg6 hxg6 46. Bc1 1-0

[Event "Aeroflot Open"]
[Site "Moscow RUS"]
[Date "2009.02.18"]
[Round "2"]
[White "Kosintseva,T"]
[Black "Petrosian,TL"]
[Result "1/2-1/2"]
[WhiteElo "2497"]
[BlackElo "2623"]
[EventDate "2009.02.17"]
[ECO "B35"]

1. e4 c5 2. Nf3 Nc6 3. d4 cxd4 4. Nxd4 g6 5. Nc3 Bg7 6. Be3 Nf6 7. Bc4 O-O
8. Bb3 a5 9. O-O Ng4 10. Qxg4 Nxd4 11. Qd1 Nxb3 12. axb3 d6 13. Bd4 Be6 14.
Bxg7 Kxg7 15. Qd4+ f6 16. f4 Qc7 17. f5 Bf7 18. Rf2 Qc5 19. Qxc5 dxc5 20.
Na4 Rac8 21. Nb6 Rc6 22. Nd5 c4 23. Nxe7 Rc5 24. bxc4 Bxc4 25. Rd1 Re8 26.
Rd7 Kf8 27. fxg6 Rxe7 28. Rxf6+ Ke8 29. gxh7 Rh5 30. Rxe7+ Kxe7 31. Rf5
Rxh7 32. Rxa5 Rh4 33. Ra7 Ba6 34. b4 Kd6 35. b5 Bxb5 36. Rxb7 Bc6 37. Rb4
Ke5 38. h3 Rf4 39. c3 Rf8 40. Rb2 Bxe4 41. Kh2 Rc8 42. Rf2 Rxc3 43. Rf8 Bd5
44. Re8+ Kf4 45. Rd8 Rd3 46. Rd7 Rd2 47. Rg7 Ke3 48. Rg6 Kf2 49. Rg5 Be4
50. Rg4 Re2 51. Rf4+ Ke3 52. Rg4 Rf2 53. Kg1 Rf7 54. Kh2 Bb7 55. Kg3 Ke2
56. Rf4 Rg7+ 57. Rg4 Re7 58. Rf4 Ke1 59. Kh2 Ke2 60. Kg3 Rd7 61. Rb4 Bd5
62. Rf4 Rb7 63. Rd4 Rb5 64. Rf4 Rb3+ 65. Kh2 Rb2 66. Kg1 Rb8 67. Kh2 Rg8
68. Rg4 Rf8 69. Rg5 Ba8 70. Kg1 Re8 71. Kh2 Be4 72. Rg4 Re5 73. Kg1 Bd5 74.
Kh2 Rf5 75. Kg1 Rf1+ 76. Kh2 Rd1 77. Rf4 Rc1 78. Rd4 Bc6 79. Rf4 Rc5 80.
Kg1 Rg5 81. Rg4 Rf5 82. Rc4 Bd5 83. Rg4 Ke1 84. Rd4 Ke2 1/2-1/2

[Event "Aeroflot Open"]
[Site "Moscow RUS"]
[Date "2009.02.18"]
[Round "2"]
[White "Pashikian,A"]
[Black "Maslak,K"]
[Result "1/2-1/2"]
[WhiteElo "2621"]
[BlackElo "2541"]
[EventDate "2009.02.17"]
[ECO "D98"]

1. d4 Nf6 2. c4 g6 3. Nc3 d5 4. Qb3 dxc4 5. Qxc4 Bg7 6. e4 O-O 7. Be2 Nfd7
8. Be3 Nb6 9. Qd3 Nc6 10. Nf3 Bg4 11. O-O-O Bxf3 12. gxf3 e5 13. dxe5 Qxd3
14. Bxd3 Nxe5 15. f4 Nxd3+ 16. Rxd3 Rfe8 17. Rhd1 c6 18. Bd4 Bh6 19. Be3
Bg7 20. Bd4 Bh6 1/2-1/2

[Event "Aeroflot Open"]
[Site "Moscow RUS"]
[Date "2009.02.18"]
[Round "2"]
[White "Ragger,M"]
[Black "Potkin,V"]
[Result "0-1"]
[WhiteElo "2540"]
[BlackElo "2613"]
[EventDate "2009.02.17"]
[ECO "D43"]

1. d4 d5 2. c4 c6 3. Nf3 Nf6 4. Nc3 e6 5. Bg5 h6 6. Bh4 dxc4 7. e4 g5 8.
Bg3 b5 9. Be2 Bg7 10. e5 Nh5 11. Ne4 O-O 12. Qc2 Na6 13. O-O-O Qa5 14. Qb1
Nb4 15. a3 Nd5 16. Nfxg5 hxg5 17. Bxh5 Bh6 18. Qc2 Rb8 19. Nf6+ Nxf6 20.
exf6 e5 21. Bxf7+ Rxf7 22. Qg6+ Bg7 23. dxe5 c3 24. h4 g4 25. h5 b4 26. h6
Bf5 27. Qxf5 bxa3 28. h7+ Kh8 29. fxg7+ Rxg7 30. b4 a2 31. bxa5 a1=Q+ 32.
Kc2 Qb2+ 33. Kd3 c2 34. Rc1 Rd8+ 35. Ke2 Qb5+ 36. Ke1 Qb4+ 37. Kf1 Rd1+ 38.
Ke2 Qd2+ 0-1

[Event "Aeroflot Open"]
[Site "Moscow RUS"]
[Date "2009.02.18"]
[Round "2"]
[White "Huzman,A"]
[Black "Wen Yang"]
[Result "1-0"]
[WhiteElo "2602"]
[BlackElo "2504"]
[EventDate "2009.02.17"]
[ECO "D27"]

1. d4 d5 2. c4 dxc4 3. Nf3 Nf6 4. e3 e6 5. Bxc4 c5 6. O-O a6 7. Bb3 b6 8.
Nc3 Bb7 9. dxc5 Qxd1 10. Bxd1 Bxc5 11. Na4 Nbd7 12. Nxc5 Nxc5 13. b3 Nfe4
14. Bb2 O-O 15. Be2 Rfd8 16. Rfd1 f6 17. Ne1 Kf7 18. f3 Nd6 19. e4 Ke7 20.
Nc2 a5 21. e5 Nf7 22. exf6+ gxf6 23. Ne3 Nd6 24. Rac1 Rac8 25. Rd4 Ba6 26.
Bxa6 Nxa6 27. Rxc8 Rxc8 28. Rh4 e5 29. Ba3 Ke6 30. Bxd6 Kxd6 31. Rxh7 Rc1+
32. Kf2 Nb4 33. a4 Nd3+ 34. Kg3 Nf4 35. Rb7 Re1 36. Rxb6+ Kc7 37. Nc4 Re2
38. Kg4 Rxg2+ 39. Kf5 Nh5 40. Rb5 Rxh2 41. Rxa5 Rh4 42. Kg6 Rh3 43. Rb5 Kc6
44. b4 Rh4 45. Rc5+ Kd7 46. b5 Ke6 47. Rc6+ Ke7 48. b6 1-0

[Event "Aeroflot Open"]
[Site "Moscow RUS"]
[Date "2009.02.18"]
[Round "2"]
[White "Predojevic,B"]
[Black "Filippov,An UZB"]
[Result "1/2-1/2"]
[WhiteElo "2650"]
[BlackElo "2558"]
[EventDate "2009.02.17"]
[ECO "C55"]

1. e4 e5 2. Nf3 Nc6 3. Bc4 Nf6 4. d3 Be7 5. O-O d6 6. a4 Bg4 7. c3 Bh5 8.
a5 a6 9. Re1 O-O 10. Nbd2 h6 11. h3 Nh7 12. g4 Bg6 13. Nf1 Ng5 14. Kg2 Nxf3
15. Qxf3 Bg5 16. Ne3 Qd7 17. h4 Bf4 18. g5 h5 19. Qh3 Rad8 20. Nd5 Bxc1 21.
Rexc1 Ne7 22. Qxd7 Rxd7 23. Nxe7+ Rxe7 24. f4 exf4 25. Rf1 c6 26. Rxf4 Rd8
27. Raf1 Rdd7 28. R1f3 d5 29. exd5 cxd5 30. Bb3 Re2+ 31. Rf2 Re3 32. R2f3
Re2+ 33. Rf2 Re3 34. R2f3 Re2+ 1/2-1/2

[Event "Aeroflot Open"]
[Site "Moscow RUS"]
[Date "2009.02.18"]
[Round "2"]
[White "Zhou Weiqi"]
[Black "Li Chao2"]
[Result "1/2-1/2"]
[WhiteElo "2542"]
[BlackElo "2628"]
[EventDate "2009.02.17"]
[ECO "E86"]

1. d4 Nf6 2. c4 g6 3. Nc3 Bg7 4. e4 d6 5. f3 O-O 6. Be3 e5 7. Nge2 c6 8.
Qd2 Nbd7 9. O-O-O Qa5 10. Kb1 a6 11. Nc1 Qc7 12. Nb3 a5 13. dxe5 dxe5 14.
Na4 b6 15. c5 bxc5 16. Nbxc5 Nxc5 17. Bxc5 Re8 18. Nb6 Rb8 19. Nc4 Ra8 20.
Nb6 Rb8 21. Nc4 Ra8 22. Nb6 1/2-1/2

[Event "Aeroflot Open"]
[Site "Moscow RUS"]
[Date "2009.02.18"]
[Round "2"]
[White "Maze,S"]
[Black "Grigoryan,Av"]
[Result "1-0"]
[WhiteElo "2579"]
[BlackElo "2506"]
[EventDate "2009.02.17"]
[ECO "C12"]

1. e4 e6 2. d4 d5 3. Nc3 Nf6 4. Bg5 Bb4 5. e5 h6 6. Bd2 Bxc3 7. bxc3 Ne4 8.
Qg4 g6 9. Bd3 Nxd2 10. Kxd2 c5 11. h4 Bd7 12. Nf3 Qe7 13. Qf4 Bc6 14. Nh2
Nd7 15. Ng4 O-O-O 16. Nf6 Nb6 17. a4 Nxa4 18. dxc5 Nxc5 19. Rxa7 Ne4+ 20.
Bxe4 dxe4+ 21. Kc1 Qc5 22. Qe3 Qxe5 23. Ng4 Qd5 24. Qf4 Qf5 25. Qg3 Qc5 26.
Ra8+ Kd7 27. Nf6+ Ke7 28. Rxd8 Qa3+ 29. Kb1 Rxd8 30. Qc7+ Kxf6 31. Qxd8+
Kg7 32. Qd4+ Kg8 33. Qb4 Qa7 34. Qd4 Qa5 35. Rd1 Bd5 36. Kc1 b5 37. Qf6
Qa3+ 38. Kd2 Qa7 39. g4 Qa4 40. g5 h5 41. Rb1 Qa5 42. Qe5 Qb6 43. Qd4 Qb8
44. Qf6 e5 45. Rd1 Qc7 46. Kc1 1-0

[Event "Aeroflot Open"]
[Site "Moscow RUS"]
[Date "2009.02.18"]
[Round "2"]
[White "Khairullin,I"]
[Black "Ipatov,A UKR"]
[Result "1-0"]
[WhiteElo "2574"]
[BlackElo "2494"]
[EventDate "2009.02.17"]
[ECO "A48"]

1. d4 Nf6 2. Nf3 g6 3. Bf4 Bg7 4. e3 d6 5. h3 O-O 6. Be2 b6 7. O-O Bb7 8.
c4 c5 9. Nc3 Nbd7 10. d5 a6 11. e4 Re8 12. Qd2 Nf8 13. Rfe1 e5 14. Be3 Kh8
15. Rab1 Ng8 16. b4 Bc8 17. Bd1 f5 18. Ba4 b5 19. Bg5 Qb6 20. bxc5 Qxc5 21.
cxb5 f4 22. bxa6 Bd7 23. Bxd7 Nxd7 24. Rec1 Qa5 25. Nb5 Qxa6 26. Nc7 Qa7
27. Nxe8 Rxe8 28. Rc6 Nc5 29. Qc2 Bf8 30. Nd2 h6 31. Nc4 hxg5 32. Nxd6 Bxd6
33. Rxd6 Ne7 34. Rdb6 Rc8 35. d6 Ng8 36. Qc3 Nxe4 37. Qxc8 Qxa2 38. R6b2
1-0

[Event "Aeroflot Open"]
[Site "Moscow RUS"]
[Date "2009.02.18"]
[Round "2"]
[White "Chuprov,D"]
[Black "Ajrapetjan,Y"]
[Result "1/2-1/2"]
[WhiteElo "2571"]
[BlackElo "2490"]
[EventDate "2009.02.17"]
[ECO "B06"]

1. e4 g6 2. d4 Bg7 3. c3 d6 4. Bg5 Nd7 5. Nf3 c5 6. Nbd2 h6 7. Be3 cxd4 8.
cxd4 Ngf6 9. h3 O-O 10. Bd3 e5 11. O-O exd4 12. Bxd4 Ne5 13. Bc2 Nc6 14.
Bc3 d5 15. exd5 Nxd5 16. Bxg7 Kxg7 17. Nb3 Ndb4 18. Be4 Qf6 19. a3 Rd8 20.
Qe2 Nd5 21. Rfd1 Nf4 22. Qc2 Be6 23. Nc5 Rac8 24. Rxd8 Rxd8 25. Bxc6 bxc6
26. Nxe6+ Nxe6 27. Re1 c5 28. Re3 Rb8 29. Ne5 Rd8 30. Nf3 Rd5 31. Qb3 Rd6
32. Qc2 Rd5 33. Qb3 Nf4 34. Kh2 Qd6 35. g3 Rd3 36. Rxd3 Qxd3 37. Qb7 Qd5
38. Qxd5 Nxd5 39. Nd2 Kf6 40. Ne4+ Ke5 41. Nxc5 Kd4 42. Nb7 Kc4 43. Na5+
Kb5 44. Nb3 Nb6 1/2-1/2

[Event "Aeroflot Open"]
[Site "Moscow RUS"]
[Date "2009.02.18"]
[Round "2"]
[White "Salem,AR"]
[Black "Kotanjian,T"]
[Result "1/2-1/2"]
[WhiteElo "2473"]
[BlackElo "2568"]
[EventDate "2009.02.17"]
[ECO "D31"]

1. d4 d5 2. c4 e6 3. Nc3 c6 4. e4 dxe4 5. Nxe4 Bb4+ 6. Bd2 Qxd4 7. Bxb4
Qxe4+ 8. Be2 Na6 9. Bd6 Qxg2 10. Qd2 Nf6 11. Bf3 Qg6 12. Ne2 e5 13. Bxe5
Be6 14. O-O-O Qf5 15. Bf4 Bxc4 16. Rhg1 Bxa2 17. Qe3+ Qe6 18. Qc3 Qc4 19.
Rxg7 Rg8 20. Rxg8+ Nxg8 21. Nd4 Nc5 22. Re1+ Ne7 23. Kc2 Ne6 24. Nxe6 Qxc3+
25. bxc3 Bxe6 26. Be4 h5 27. Bg5 a5 28. f4 a4 29. f5 Bb3+ 30. Kb2 Kd7 31.
Bc2 Nd5 32. Bxb3 axb3 33. c4 f6 34. Bc1 Ne7 35. Rd1+ Ke8 36. Kxb3 Nxf5 37.
Bb2 Rd8 38. Rxd8+ Kxd8 39. Bxf6+ Kd7 40. Kb4 Ke6 41. Bd8 Ne3 42. Kc5 Ke5
43. Be7 Ke4 44. Bg5 Ng4 45. Kb6 Nxh2 46. Kxb7 Nf3 47. Bf6 Kf5 48. Bd8 Ne5
49. Bh4 c5 50. Be7 Nd3 51. Kc6 Ke6 52. Bh4 Ke5 53. Be7 Kd4 54. Kb5 Ke3 55.
Kc6 Kf4 56. Kd5 Kf3 57. Kc6 Kg3 58. Kd5 h4 59. Ke4 Nf2+ 60. Ke3 Nd1+ 61.
Kd2 Nf2 62. Ke3 h3 63. Bxc5 Ng4+ 64. Ke2 Kg2 65. Bd6 Nf6 66. Ke3 Ne8 67.
Be5 Ng7 68. c5 Nf5+ 69. Kd3 Ng3 70. Bxg3 Kxg3 71. c6 h2 72. c7 h1=Q 73.
c8=Q 1/2-1/2

[Event "Aeroflot Open"]
[Site "Moscow RUS"]
[Date "2009.02.18"]
[Round "2"]
[White "Li Shilong"]
[Black "Robson,R"]
[Result "1/2-1/2"]
[WhiteElo "2559"]
[BlackElo "2455"]
[EventDate "2009.02.17"]
[ECO "D47"]

1. d4 d5 2. c4 e6 3. Nf3 Nf6 4. Nc3 c6 5. e3 Nbd7 6. Bd3 dxc4 7. Bxc4 b5 8.
Bd3 Bb7 9. O-O a6 10. e4 c5 11. d5 c4 12. Bc2 Qc7 13. dxe6 fxe6 14. Qe2 Bd6
15. Nd4 Nc5 16. f4 e5 17. Ndxb5 axb5 18. Nxb5 Qb6 19. Nxd6+ Qxd6 20. fxe5
Qxe5 21. Rf5 Qe7 22. Qxc4 Rc8 23. Qb5+ Ncd7 24. Qxb7 Rxc2 25. Bg5 Qd6 26.
Qa8+ Qb8 27. Qxb8+ Nxb8 28. Bxf6 gxf6 29. Rxf6 Rxb2 30. a4 Ke7 31. Rf2 Rb4
32. a5 Rxe4 33. Rb2 Re6 34. Rb7+ Kf6 35. Rab1 Na6 36. R7b6 Nc5 37. R1b5 Rc8
38. Kf2 Nd3+ 39. Kf3 Ne1+ 40. Kg4 Nxg2 41. Rxe6+ Kxe6 42. Kg5 Ne3 43. a6
Nd5 44. a7 Rg8+ 45. Kh6 Nf6 46. Rg5 Ra8 47. Ra5 1/2-1/2

[Event "Aeroflot Open"]
[Site "Moscow RUS"]
[Date "2009.02.19"]
[Round "3"]
[White "Kurnosov,I"]
[Black "Ponkratov,P"]
[Result "1-0"]
[WhiteElo "2602"]
[BlackElo "2558"]
[EventDate "2009.02.17"]
[ECO "C16"]

1. e4 e6 2. d4 d5 3. Nc3 Bb4 4. e5 Ne7 5. a3 Bxc3+ 6. bxc3 b6 7. Qg4 Ng6 8.
h4 h5 9. Qf3 Qd7 10. a4 c5 11. Bb5 Nc6 12. a5 Qc7 13. Ne2 Bd7 14. axb6 Qxb6
15. Bxc6 Qxc6 16. Ba3 cxd4 17. Nxd4 Nxe5 18. Qg3 Qc4 19. Kd2 Qc7 20. Kc1
O-O-O 21. Re1 Nc4 22. Be7 Qxg3 23. fxg3 a5 24. Bxd8 Rxd8 25. Nb3 a4 26. Nc5
a3 27. Nb3 Kc7 28. Nd2 Nxd2 29. Kxd2 Ra8 30. Reb1 Kd6 31. Rb3 a2 32. Rb2
Ra4 33. Rb4 Ra5 34. Rb2 Ra4 35. Raxa2 Rg4 36. Ra6+ Ke5 37. Ra7 Be8 38. Rb8
Bc6 39. Rb6 Kd6 40. Raa6 Rc4 41. Rb4 Rc5 42. Ra7 Bd7 43. Rb6+ Rc6 44. Rbb7
Be8 45. Rb8 Bd7 46. Rd8 1-0